<?xml version="1.0" encoding="UTF-8"?>
<collection xmlns="http://www.loc.gov/MARC21/slim">
<record>
  <controlfield tag="001">3268</controlfield>
  <controlfield tag="005">20180207090333.0</controlfield>
  <datafield tag="024" ind1="7" ind2=" ">
    <subfield code="a">10.1007/s11214-018-0478-5</subfield>
    <subfield code="2">DOI</subfield>
  </datafield>
  <datafield tag="037" ind1=" " ind2=" ">
    <subfield code="a">SCART-2017-0050</subfield>
  </datafield>
  <datafield tag="100" ind1=" " ind2=" ">
    <subfield code="a">McLaughlin, James</subfield>
  </datafield>
  <datafield tag="245" ind1=" " ind2=" ">
    <subfield code="a">Modelling Quasi-periodic Pulsations in Solar and Stellar Flares</subfield>
  </datafield>
  <datafield tag="260" ind1=" " ind2=" ">
    <subfield code="c">2018</subfield>
  </datafield>
  <datafield tag="536" ind1=" " ind2=" ">
    <subfield code="a">IAP P7/</subfield>
    <subfield code="c">08 CHARM /</subfield>
    <subfield code="f"> Prodex SDE</subfield>
  </datafield>
  <datafield tag="594" ind1=" " ind2=" ">
    <subfield code="a">NO</subfield>
  </datafield>
  <datafield tag="700" ind1=" " ind2=" ">
    <subfield code="a">Nakariakov, Valery</subfield>
  </datafield>
  <datafield tag="700" ind1=" " ind2=" ">
    <subfield code="a">Dominique, Marie</subfield>
  </datafield>
  <datafield tag="700" ind1=" " ind2=" ">
    <subfield code="a">Jelinek, Petr</subfield>
  </datafield>
  <datafield tag="700" ind1=" " ind2=" ">
    <subfield code="a">Takasoa, Shinsuke</subfield>
  </datafield>
  <datafield tag="773" ind1=" " ind2=" ">
    <subfield code="p">Space Science Reviews</subfield>
    <subfield code="v">214</subfield>
    <subfield code="y">2018</subfield>
    <subfield code="n">45</subfield>
  </datafield>
  <datafield tag="856" ind1="0" ind2=" ">
    <subfield code="f">marie.dominique@observatoire.be</subfield>
  </datafield>
  <datafield tag="856" ind1="4" ind2="2">
    <subfield code="a">http://em.rdcu.be/wf/click?upn=KP7O1RED-2BlD0F9LDqGVeSK3AztVLOTlRMte-2BPzt6xDg-3D_VMQ-2BnrkVFoIyS2pu-2BYgOmBdTpOgWkaxoTpMphti7iDugu7Zn4GQiLhUV1DG-2FjhGE0COAW37VxKJw21VZa6xdSDB4fwL-2B68tqoCXM2T-2FSZQT-2FtYpIG6v3p-2BqeWnclzeL1WD1r93CDUVW4EQmIVvHl7sHLaqwd-2Bv4x5VbgGPcZPjWuJDZSCfM0b54tEg5H75QjGf25k39r39s70BTycH7t9wzEhorioBTDizngU592GR3OFWyWVqAorDNxp86iI1lb6ld6CPdY-2F2gJyZ6yyJFZGw-3D-3D</subfield>
  </datafield>
  <datafield tag="905" ind1=" " ind2=" ">
    <subfield code="a">published in</subfield>
  </datafield>
  <datafield tag="980" ind1=" " ind2=" ">
    <subfield code="a">REFERD</subfield>
  </datafield>
</record>
</collection>